[Event "GER-ch Seniors 07th"]
[Site "Oldenburg"]
[Date "1995.??.??"]
[Round "6"]
[White "Bothe, Erich"]
[Black "Geu, Dieter"]
[Result "0-1"]
[WhiteElo "1333"]
[BlackElo "1653"]
[PlyCount "98"]
[EventDate "1995.08.24"]
[EventType "swiss"]
[EventRounds "9"]
[EventCountry "GER"]
[SourceTitle "EXT 2022"]
[Source "ChessBase"]
[SourceDate "2021.10.06"]
[SourceVersion "1"]
[SourceVersionDate "2021.10.06"]
[SourceQuality "1"]

1. e4 e6 2. d4 d5 3. e5 c5 4. c3 Nc6 5. Bb5 a6 6. Bxc6+ bxc6 7. Nf3 cxd4 8. cxd4 c5 9. 0-0 cxd4 10. Qxd4 Ne7 11. Bg5 h6 12. Bxe7 Bxe7 13. Nc3 0-0 14. Ne2 Rb8 15. a3 a5 16. Rac1 Ba6 17. Rfe1 Qd7 18. Ng3 Rfc8 19. h3 Qb5 20. Nh5 Rc4 21. Rxc4 Qxc4 22. Qd2 Qd3 23. Rd1 Qxd2 24. Rxd2 Rc8 25. Nd4 Rc4 26. Nc2 Bg5 27. f4 Bxf4 28. Nxf4 Rxf4 29. Nd4 Re4 30. Nc6 Bb5 31. Nxa5 Rxe5 32. Nb3 Re2 33. Rxe2 Bxe2 34. Kf2 Bc4 35. Nd2 Bb5 36. b4 Kf8 37. Ke3 e5 38. Nf3 f6 39. g4 Kf7 40. h4 Bc6 41. Nd2 Bd7 42. Kf3 g5 43. Kg3 Ke6 44. Nb3 Kd6 45. Nc5 Bc8 46. a4 Kc6 47. Nb3 f5 48. gxf5 Bxf5 49. Nc5 Bc8 0-1